000 00200 a2200097 4500
001 601
100 _aStarling,SG
245 _aElectricity and magnetism
260 _a
_bLongman
_c
090 _c201
_d201
942 _aNUST-CAE
_cM
_c11225
999 _c235674
_d235674